=LDR 00000nam 2200000 4500 =001 INLIS000000000024645 =005 20130612123222 =008 ***********************************Ind** =035 ##$$0010-061300000024645 =041 ##$$a Ind =082 ##$$a 658.409 2 =090 ##$$a 658.409 2, Mac s =100 ##$$a Maccoby, Michael =245 ##$$a Sang pemimpin wajah baru bagi manajemen dewasa ini, Michael Maccoby =260 ##$$a 1984 $b Jakarta =300 ##$$a xv, 201 hlm, 23 cm =650 ##$$a Manajemen =850 ##$$a NBPNMAT =990 ##$$a 02060206 =990 ##$$a 01201900206 =990 ##$$a 13.078/Pro.85